000 00290nam a2200121Ia 4500
008 240731s9999 xx 000 0 und d
022 _a2473-5140
245 0 _aDesign for Health
260 _bRoutledge
856 _uhttps://www.tandfonline.com/loi/rfdh20
942 _2ddc
942 _cTFEJ
999 _c76238
_d76238
945 _a1
_bMadushi Gamage
_c1
_dMadushi Gamage